Manipuri : (Record no. 144673)

MARC details
000 -LEADER
fixed length control field 00578nam a22001817a 4500
010 ## - LCCN (DPL NO)
LC control number ENG-120578
020 ## - INTERNATIONAL STANDARD BOOK NUMBER
Terms of availability 1000.00
International Standard Book Number 9788191002287
035 ## - SYSTEM CONTROL NUMBER
System control number EN-104110
037 ## - SOURCE OF ACQUISITION
Source of stock number/acquisition DBAD/PUB
082 ## - DEWEY DECIMAL CLASSIFICATION NUMBER
Classification number 495.54
100 ## - MAIN ENTRY--PERSONAL NAME
Personal name Pramodini, N.
245 ## - TITLE STATEMENT
Title Manipuri :
Statement of responsibility, etc by N. Pramodini
Remainder of title a social grammer /
260 ## - PUBLICATION, DISTRIBUTION, ETC. (IMPRINT)
Place of publication, distribution, etc New Delhi
Name of publisher, distributor, etc Sunrise Publications
Date of publication, distribution, etc 2011
270 ## - ADDRESS
City New Delhi
Postal code 110092
Address B-7, Saraswati Complex, Subhash Chowk,
300 ## - PHYSICAL DESCRIPTION
Extent viii,284p.
Other physical details 21cm(Hb).
500 ## - GENERAL NOTE
General note Includes bibliographical reference and index
942 ## - ADDED ENTRY ELEMENTS (KOHA)
Source of classification or shelving scheme Dewey Decimal Classification
Item type English Books
Classification part 495.54
Call number suffix PRA
Holdings
Withdrawn status Lost status Not for loan Collection code Home library Current library Date acquired Source of acquisition Cost, normal purchase price Full call number Barcode Copy number Cost, replacement price Koha item type
    Not For Loan Non-fiction D.B.Act.Division Bawana 15/09/2017 DBAD/PUB 1000.00 495.54 PRA EN-104110 1 1000.00 English Books

© Delhi Public Library
Hit Counter
free hit counter